| 000 | 01053nam a22002777a 4500 | ||
|---|---|---|---|
| 999 |
_c65302 _d65302 |
||
| 005 | 20240530110817.0 | ||
| 008 | 190703s2018 ua a g b 000 0 ara d | ||
| 017 |
_a2017/17370 _bمصر. دار الكتب |
||
| 020 | _a9789777357302 | ||
| 040 |
_aEG-CaGPL _cEG-CaGPL |
||
| 082 | 0 | 4 |
_221 _a371.115 / _bش ت |
| 100 | 0 | _aشبل بدران | |
| 245 | 1 | 2 |
_aالتعليم وثقافة القهر / _cشبل بدران |
| 250 | _aط.1 | ||
| 260 |
_aالاسكندرية : _bدار الوفاء لدنيا الطباعة و النشر، _c2018. |
||
| 300 |
_a224 ص. : _bايض ؛ _c24 سم. |
||
| 504 | _aيشتمل على ارجاعات ببليوجرافية و فهرس | ||
| 650 | 0 | 7 |
_2qrmak _aالتخطيط التربوى |
| 650 | 0 | 7 |
_2qrmak _aالتعليم _xطرق التدريس |
| 650 | 0 | 7 |
_2qrmak _aالمناهج _xتخطيط |
| 650 | 0 | 7 |
_2qrmak _aالتعليم _xاغراضة واهدافة |
| 650 | 0 | 7 |
_2qrmak _aعلم النفس التربوى |
| 651 | _2qrmak | ||
| 942 |
_2ddc _cBK |
||